| 000 | 00381nam a2200145Ia 4500 | ||
|---|---|---|---|
| 008 | 230917s9999||||xx |||||||||||||| ||und|| | ||
| 040 |
_e55831 _aMAIN |
||
| 041 | _aEnglish | ||
| 082 | _a829.443 C392A | ||
| 100 | _aChatterjee, Enakshi, tr | ||
| 245 | 3 | _aAn anthology of : modern Bengali short stories | |
| 260 |
_aCalcutta _bPrayer Books _c1977 |
||
| 300 | _a99 p. | ||
| 942 | _cBK | ||
| 999 |
_c207076 _d207076 |
||